| 000 | 00898cab a2200253 4500 | ||
|---|---|---|---|
| 001 | WB3501-30 | ||
| 008 | 090401t1999 xxu||||| |||| 00| 0 eng d | ||
| 035 | _a(Sirsi) u90511 | ||
| 041 | _aeng | ||
| 245 | _aHouse sellers` secrets | ||
| 260 | _c1999 | ||
| 350 | _a0 | ||
| 490 |
_aTimes _v2 and 6 January 1999, 1 and 5, 33(3) |
||
| 520 | _aAmongst other reforms to the housing market, the government is considering making details of house prices available to the public as part of the information held by the Land Registry. | ||
| 650 | _aHOUSE PRICES | ||
| 650 | _aPROPERTY-RESIDENTIAL PROPERTY-ACQUISITION AND DISPOSAL OF RESIDENTIAL PROPERTY | ||
| 650 | _aHOUSEBUYING | ||
| 650 | _aHM LAND REGISTRY | ||
| 650 | _aPRICE PAID INFORMATION | ||
| 650 | _aPRICE TRANSPARENCY | ||
| 690 | _aPROPERTY-RESIDENTIAL PROPERTY-RESIDENTIAL PROPERTY MARKET | ||
| 942 | _n0 | ||
| 948 | _c05/01/1999 | ||
| 999 |
_c57392 _d57392 |
||